| 000 | 00832nam a2200205Ia 4500 | ||
|---|---|---|---|
| 003 | IN-BaIIA | ||
| 008 | 211028s9999 xx 000 0 eng d | ||
| 020 | _a0-8194-2897-3 | ||
| 040 | _cIIA Library | ||
| 080 |
_a535(082.1) _bSPI-3442 |
||
| 111 |
_aSPIE Conference on Missions to the Sun II _cSan Diego, California _d1998 July 22-23 _924248 |
||
| 245 | 0 |
_aMissions to the sun II _bproceedings of SPIE conference on missions to the sun II, held in San Diego, California, 22-23 July 1998 _cedited by Clarence M. Korendyke |
|
| 260 |
_aWashington _bThe International Society for Optical Engineering _c1998 |
||
| 300 | _avii, 228p. | ||
| 490 | _aSPIE proceedings series; vol. 3442 | ||
| 650 |
_aHeliosphere _914687 |
||
| 650 |
_aSun _91200 |
||
| 700 |
_aKorendyke, Clarence M., ed. _924249 |
||
| 942 | _cBK | ||
| 999 |
_c13815 _d13815 |
||